|
|
|
|
| LEADER |
01055cam a2200277 7i4500 |
| 001 |
0000057952 |
| 005 |
20210310090000.0 |
| 020 |
|
|
|a 978331947771 (electronic book)
|
| 090 |
0 |
0 |
|a RD145
|b .P89 2020
|
| 245 |
0 |
0 |
|a Principles and practice of geriatric surgery
|c Ronnie A. Rosenthal, Michael E. Zenilman, Mark R. Katlic, editors.
|
| 250 |
|
|
|a Third edition.
|
| 264 |
|
|
|a Cham, Switzerland:
|b Springer,
|c 2020.
|
| 300 |
|
|
|a 1 online resource (1224 pages):
|b colour illustrations, text file, PDF.
|
| 336 |
|
|
|a text
|2 rdacontent
|
| 337 |
|
|
|a computer
|2 rdamedia
|
| 338 |
|
|
|a online resource
|2 rdacarrier
|
| 650 |
|
0 |
|a Surgical procedures, Operative
|
| 650 |
|
0 |
|a Aged
|
| 655 |
|
0 |
|a Electronic books
|
| 700 |
1 |
|
|a Rosenthal, Ronnie A.
|
| 700 |
1 |
|
|a Zenilman, Michael E.
|
| 700 |
1 |
|
|a Katlic, Mark R.
|
| 856 |
4 |
2 |
|u http://library.unisel.edu.my/equip-unisel/custom/ebook_catalog/ebook/PrinciplesandPracticeofGeriatricSurgery.pdf
|
| 997 |
|
|
|a Health Sciences, Faculty
|
| 998 |
|
|
|a Nursing, Diploma
|
| 999 |
|
|
|a EBO0004230
|b EBOOK
|c EBOOK
|e Electronic resources
|